Fundamentals of N-LIST : (Record no. 83714)

MARC details
000 -LEADER
fixed length control field 00886nam a22002537a 4500
005 - DATE AND TIME OF LATEST TRANSACTION
control field 20180308121000.0
010 ## - LCCN (DPL NO)
LC control number ENG-109775
020 ## - INTERNATIONAL STANDARD BOOK NUMBER
International Standard Book Number 9788191087345
Terms of availability 995.00
035 ## - SYSTEM CONTROL NUMBER
System control number EN-93308
035 ## - SYSTEM CONTROL NUMBER
System control number B-536716-717
035 ## - SYSTEM CONTROL NUMBER
System control number B-667691
037 ## - SOURCE OF ACQUISITION
Source of stock number/acquisition DBAD/PUB
037 ## - SOURCE OF ACQUISITION
Source of stock number/acquisition KKP/Ven
082 ## - DEWEY DECIMAL CLASSIFICATION NUMBER
Classification number 025.04
100 ## - MAIN ENTRY--PERSONAL NAME
Personal name Gahale, Pravin D.
245 00 - TITLE STATEMENT
Title Fundamentals of N-LIST :
Statement of responsibility, etc by Pravin D. Gahale
Remainder of title its contribution to college libraries /
260 ## - PUBLICATION, DISTRIBUTION, ETC. (IMPRINT)
Place of publication, distribution, etc Kanpur
Name of publisher, distributor, etc Garima Prakashan
Date of publication, distribution, etc 2013
270 ## - ADDRESS
Address 1st floor, Mayur Park, Basant Vihar Naubasta
City Kanpur
Postal code 208021
300 ## - PHYSICAL DESCRIPTION
Extent 328p.
Dimensions 22cm(Hb)
500 ## - GENERAL NOTE
General note Includes index
942 ## - ADDED ENTRY ELEMENTS (KOHA)
Source of classification or shelving scheme Dewey Decimal Classification
Item type English Books
Call number suffix GAH
Classification part 025.04
Holdings
Withdrawn status Lost status Not for loan Collection code Home library Current library Date acquired Source of acquisition Cost, normal purchase price Full call number Barcode Copy number Cost, replacement price Koha item type
      Non-fiction Ashok Vihar Ashok Vihar 08/03/2018 KKP/278/24.2.2017/420/15.2.2017/17.3.2017 995.00 025.04 GAH B-667691 1 995.00 English Books
    Not For Loan Reference Central Library Central Library 14/08/2014 KKP/BL3706/28.03.2014/146/25.03.2014/31.03.2014 995.00 025.04 GAH B-536716 1 995.00 English Books
      Non-fiction Patel Nagar Patel Nagar 14/08/2014 KKP/BL3706/28.03.2014/146/25.03.2014/31.03.2014 995.00 025.04 GAH B-536717 1 995.00 English Books

© Delhi Public Library
Hit Counter
free hit counter